Normal view
MARC view
- Leftwich, Richard H.
Entry Personal Name
001 - CONTROL NUMBER
- control field: 3358
003 - CONTROL NUMBER IDENTIFIER
- control field: OSt
005 - DATE AND TIME OF LATEST TRANSACTION
- control field: 20170511114827.0
008 - FIXED-LENGTH DATA ELEMENTS
- fixed length control field: 170511|| aca||aabn | a|a d
040 ## - CATALOGING SOURCE
- Original cataloging agency: OSt
- Transcribing agency: OSt
100 ## - HEADING--PERSONAL NAME
- Personal name: Leftwich, Richard H.
670 ## - SOURCE DATA FOUND
- Source citation: Work cat.: (OSt)0: Sharp, Ansel Miree, 1924- 3356, Economics of social issues /, 1988

PORTAL AKMAL
E-MEL JKDM
AKMAL2U
G-BAM
u-PUSTAKA